000 00736nam a2200217 a 4500
001 000027808
005 20240412074253.0
008 100512s2007 dr 000 j spa d
040 _aDO-SdBNP
_bspa
_cBNPHU
082 _aRD863.5
_bM828e, 2007
100 1 _aMorales, Jesús,
_d1980-
_940210
245 1 0 _aError por una letra :
_bcuentos, historietas y otras vainas /
_cJesús Morales.
250 _a3a. ed.
260 _aSanto Domingo :
_bCentenario,
_c2007.
300 _a102 p. ;
_c21 cm.
500 _aIncluye datos biográficos del autor en la solapa de la cubierta
590 _aInventariado, 2020/MFF
650 0 _aCuentos dominicanos
_9176
650 0 _aLiteratura dominicana.
_967
910 _aValidado. Control de calidad MFF
999 _c27300
_d27300